02148cam a22002894i 4500003000900000005001700009008004100026020001500067020001800082035002000100040003300120082002000153245018000173264009100353300003900444336002100483337002500504338002300529505116100552526000901713526000901722526000801731526000801739526000801747650005501755650004801810PE-LiUPU20250731183402.0170810s2014 miu r 000 0 eng d a0996030506 a9780996030502 a(Sirsi) a238225 aPE-LiUPUbspacPE-LiUPUerda04a781.716bM922000aMusic and worship in Africa :bAdventists' dialogue from biblical, historical, and cultural perspectives /cedited by Sampson M. Nwaomah, Robert Osei-Bonsu, Kelvin O. Onongha. 1aBerrien Springs, Michigan :b Departament of World Mission, Andrews University,c2014. a192 páginas ;c23 centímetros. atext2rdacontent aunmediated2rdamedia avolume2rdacarrier0 aBiblical musicians and worship responses -- The use of musical instruments in worship -- Examining David's dance in the context of Adventist worship -- John Calvin's perspective on music and worship and its implications for the Seventh-day Adventist Church in Africa -- Contemporary worship music and its implication for Adventist music ministry in Africa -- Nigerian Pentecostal musid: context, content, and challenge -- Cultural influences on church music -- A comparative study of music and dance in African traditional religion and Christianity -- Indigenizing music in Christian worship: the role of Yoruba Drum Poetry -- The place of traditional African music in the Seventh-day Adventist Church: a Ghanaian perspective -- The use of African musical instruments for worship in Seventh-day Adventist churches in Asante, Ghana -- Scripture, culture, and decorum in worship -- Worship and the attitude of the worshipper in the House of God -- Structuring worship services in Seventh-day Adventist institutions with high non-Adventist population: a proposal -- The critical role of the choir in the liturgy of the Seventh-day Adventist Church in Nigeria. aP158 aP146 aP17 aP12 aP0604aMusicazAfricaxAspectos religiososxCristianismo.04aMúsica de iglesiaxEnseñanza bíblica.